Química de la materia /

Furkejuvvon:
Bibliográfalaš dieđut
Váldodahkki: Pierre, James B. (autor)
Materiálatiipa: Girji
Giella:espánnjágiella
Almmustuhtton: México : Publi-Mex, 1975
Fáttát:
Fáddágilkorat: Lasit fáddágilkoriid
Eai fáddágilkorat, Lasit vuosttaš fáddágilkora!

MARC

LEADER 00000nam^a2200000^a^4500
001 000005223
005 20250521000000.0
009 20260310083338.108
037 |a Acervo ITESO - Biblioteca 
041 |a ESP 
082 |a 541. 2  |b PIE 
100 |a Pierre, James B.  |e (autor) 
245 1 0 |a Química de la materia /  |c J.B. Pierre. 
264 1 |a México :  |b Publi-Mex,  |c 1975 
300 |a 829 p. 
336 |a texto  |b txt  |2 rdacontenido 
337 |a sin mediación  |b n  |2 rdamedio 
338 |a volumen  |b nc  |2 rdasoporte 
500 |a Traducción de: The Chemistry of Matter 
649 |a XX 
650 |a Química 
650 |a Materia 
910 |a Fondo General 
920 |a Impresos - Libros 
930 |a Colección General 
905 |a 101 
901 |a 0052230100  |b IT1  |c ACC  |i 005223  |u 20250521 
901 |a 0052230200  |b IT1  |c ACC  |i 900807  |u 20250521 
902 |a https://opac.biblio.iteso.mx/vufind/Record/000005223